| 000 | 00666 a2200205 4500 | ||
|---|---|---|---|
| 999 |
_c3708 _d3708 |
||
| 003 | Nust | ||
| 005 | 20170105101223.0 | ||
| 008 | 161125b xxu||||| |||| 00| 0 eng d | ||
| 020 | _a8170369924 | ||
| 020 | _a9788170369929 | ||
| 040 |
_a0 _c0 |
||
| 082 | _2338.9 | ||
| 245 | 0 | 2 | _aA new institutional approach to economic development. |
| 260 |
_a[S.l.] : _bVistaar Publication, _c2002. |
||
| 300 | _a1 v. (unpaged) | ||
| 500 | _aHardcover. | ||
| 856 | 4 | 0 |
_3Amazon.com _uhttp://www.amazon.com/exec/obidos/ASIN/8170369924/chopaconline-20 |
| 856 | 4 | 0 |
_3Amazon customer reviews _uhttp://www.chopac.org/cgi-bin/tools/azrev.pl?q=8170369924 |
| 942 |
_cBK _k338.9 NEW _2ddc |
||